000 00742cam a22002533a 4500
999 _c2372
_d2372
005 20180413012948.0
008 950301s1995||||xxu|||||s|||||000 p eng d
040 _cAPEC Schools Library
_erda
041 _aeng
100 1 _aDryden, John,
_d 1631-1700
245 1 4 _aThe Aeneid
_cJohn Dryden
336 _2rdacontent
_atext
337 _2rdamedia
_acomputer
338 _2rdacarrier
_aonline resource
506 _aPublic domain in the USA.
516 _aText
653 _aAeneas (Legendary character) -- Poetry
653 _aEpic poetry, Latin -- Translations into English
653 _aLegends -- Rome -- Poetry
655 _aelectronic books
856 4 0 _uhttps://goo.gl/hMfrxy
942 _2ddc
_cEBK